| 000 -LEADER |
| fixed length control field |
01398pab a2200169 454500 |
| 008 - FIXED-LENGTH DATA ELEMENTS--GENERAL INFORMATION |
| fixed length control field |
180718b2013 xxu||||| |||| 00| 0 eng d |
| 100 ## - MAIN ENTRY--PERSONAL NAME |
| Personal name |
Hassan, Shahidul |
| 245 ## - TITLE STATEMENT |
| Title |
Does fair treatment in the workplace matter? An assessment of organizational fairness and employee outcome in government |
| 260 ## - PUBLICATION, DISTRIBUTION, ETC. |
| Date of publication, distribution, etc. |
2013 |
| 300 ## - PHYSICAL DESCRIPTION |
| Extent |
539-557 |
| 362 ## - DATES OF PUBLICATION AND/OR SEQUENTIAL DESIGNATION |
| Dates of publication and/or sequential designation |
sep |
| 520 ## - SUMMARY, ETC. |
| Summary, etc. |
The purpose of the current study was to investigate how perceptions of organizational fairness may facilitate positive outcomes and prevent negative consequences ingovernment organizations. In that effort, this study examined relationship between perceived organizational fairness and organizational identification, job involvement and turnover intention with data collected through an organizational survey from 764 professional employees working in 65 geographically distributed offices in an agency in state government. The findings indicated that perceptions of procedural and distributive fairness have positive effects on professional employees' job involvement and negative influences on their turnover intention,though these effects are mediated by their organizational identification. Implications of these findings for public management theory and practice are discussed. - Reproduced. |
| 650 ## - SUBJECT ADDED ENTRY--TOPICAL TERM |
| Topical term or geographic name entry element |
Human resources development |
| 773 ## - HOST ITEM ENTRY |
| Main entry heading |
American Review of Public Administration |
| 908 ## - PUT COMMAND PARAMETER (RLIN) |
| Put command parameter |
N |
| 909 ## - |
| -- |
100935 |